| Поле | Инд. | ПП | Название | Значение |
|---|---|---|---|---|
| Тип записи | a | |||
| Библиографический уровень | m | |||
| 001 | Контрольный номер | b8f96039-9a22-414e-975d-13c11d658f80 | ||
| 005 | Дата корректировки | 20140703142719.7 | ||
| 008 | Кодируемые данные | 060203 | ||
| 020 | a | ISBN | 5-484-00267-2 | |
| c | Цена, тираж | 220.00 | ||
| 040 | a | Служба первич. каталог. | НБ ТвГУ | |
| 041 | a | Код языка текста | rus | |
| 080 | a | Индекс УДК | 004.8 | |
| 084 | a | Индекс другой классификации/Индекс ББК | З813 | |
| 090 | x | Авторский знак | Р23 | |
| a | Полочн. индекс | З813 | ||
| 100 | 1_ | a | Автор | Рапопорт Георгий Наумович |
| 245 | 10 | a | Заглавие | Искусственный и биологический интеллекты |
| b | Продолж. заглавия | общность структуры, эволюция и процессы познания | ||
| c | Ответственность | Г. Н. Рапопорт, А. Г. Герц | ||
| 260 | 0_ | a | Место издания | Москва |
| b | Издательство | URSS | ||
| b | Издательство | КомКнига | ||
| c | Дата издания | 2005 | ||
| 300 | a | Объем | 310 c. | |
| b | Иллюстрации/ тип воспроизводства | табл. | ||
| 504 | a | Библиография | Библиогр.: с. 308-310. | |
| 583 | a | Действие | Получение впервые 34 31.01.2006 | |
| k | Исполнитель действия | Дар ООО"Книжный мир" | ||
| 650 | a | Основная рубрика | Искусственный интеллект | |
| 650 | a | Основная рубрика | Головной мозг | |
| 650 | a | Основная рубрика | Интеллект | |
| 650 | a | Основная рубрика | Познавательные процессы | |
| 653 | a | Ключевые слова | Интеллект | |
| a | Ключевые слова | Искусственный интеллект | ||
| a | Ключевые слова | Биологический интеллект | ||
| a | Ключевые слова | Головной мозг | ||
| a | Ключевые слова | Познание | ||
| a | Ключевые слова | Познавательные процессы | ||
| 700 | 1_ | a | Другие авторы | Герц Андрей Георгиевич |
| e | Роль лиц | авт. | ||
| 852 | t | Порядковый номер экземпляра | 1 | |
| p | Инвентарный номер | 833629 | ||
| 863 | t | 00113049 | ||
| 888 | a | Бесплатные | ||
| 952 | p | 34.2006 220.00 1 833629 | ||
| c | Вид литературы | К рн | ||
| 954 | a | Дата поступления на обработку | 20060327 | |
| 999 | a | Подразделение 2 | Фил3 |